000 00821cam a2200229 4500
001 WB3707-02
008 000000n2001 000 0 eng u
035 _a(Sirsi) u110928
245 _aPFI evolution
260 _c2001
490 _aConstruction News
_v(6702) 8 February 2001, 5(1)
520 _aA leading PFI expert has developed new plans which could reduce costs for contractors. Mark Lawrie of Deloitte & Touche hopes that a new PFI joint venture model that allows consortia to carry out repeat work for local authority clients will be piloted within 2 years.
590 _aWB
650 _aBUILDING CONTRACTORS
650 _aBUSINESS IMPROVEMENT DISTRICTS
650 _aPFI
650 _aJOINT VENTURES
650 _aLOCAL AUTHORITIES
650 _aPFI
690 _aProcurement
_96260
942 _n0
999 _c66120
_d66120